000 00865cam a22002531 4500
001 sa 65002565
003 DLC
005 20260227112117.0
008 810409s1960 ii f000 0 eng
010 _asa 65002565
025 _aPL480:I-E-3110
035 _a(OCoLC)7321193
040 _aDLC
_cMnSU
_dDLC
042 _apremarc
043 _aa-ii---
050 0 0 _aTX360.I4
_bP25
100 1 _aPandit, C. G.,
_d1885-1991.
245 1 0 _aNutrition in India, 1946-58;
_ban evaluation of progress in the light of recommendations of the Health Survey and Development Committee of the Government of India, 1946,
_cby C. G. Pandit and K. Someswara Rao.
260 _aNew Delhi,
_bIndian Council of Medical Research,
_c1960.
300 _av, 92 p.
_c24 cm.
650 0 _aNutrition
_xResearch.
650 0 _aDiet
_zIndia.
700 1 _aRao, K. Someswara,
_ejoint author.
999 _c62694
_d62694